000 00417cam a2200169ua 4500
020 _c21.00
041 _aeng
_h
082 _a822
_bGAL/TE
100 _aGaisworthy, John .
245 _aTen famous plays /
_cJohn Gaisworthy.
_hTextual Documents
260 _aLondon :
_bGerald Duckworth and Co. Ltd. ,
_c1972.
300 _a670 ; .
365 _a21.00
504 _a
942 _cBK
999 _c5911
_d5911